| 000 | 01119nam a22003137a 4500 | ||
|---|---|---|---|
| 001 | 563325 | ||
| 003 | OSt | ||
| 005 | 20210426111810.0 | ||
| 008 | 890818s1990 nyuabcf b 001 0beng | ||
| 010 | _a 89010898 | ||
| 020 |
_a0684191377 : _c$35.00 |
||
| 040 |
_aDLC _cDLC _dDLC |
||
| 043 | _ae-uk--- | ||
| 050 | 0 | 0 |
_aG246.B8 _bR46 1990 |
| 080 |
_a92 _bR-52 |
||
| 082 | 0 | 0 |
_a910/.92 _aB _220 |
| 100 | 1 | _aRice, Edward. | |
| 245 | 1 | 0 |
_aCaptain Sir Richard Francis Burton : _bthe secret agent who made the pilgrimage to Mecca, discovered the Kama Sutra, and brought the Arabian nights to the West / _cEdward Rice. |
| 260 |
_aNew York : _bScribner's, _cc1990. |
||
| 300 |
_axix, 522 p., [18] p. of plates : _bill., maps, ports. ; _c25 cm. |
||
| 365 | _a35.00 USD | ||
| 504 | _aIncludes bibliographical references (p. 491-501) and index. | ||
| 600 | 1 | 0 |
_aBurton, Richard Francis, _cSir, _d1821-1890. |
| 650 | 0 |
_aExplorers _zGreat Britain _xBiography. |
|
| 650 | 0 |
_aScholars _zGreat Britain _xBiography. |
|
| 653 | _aბიოგრაფია | ||
| 906 |
_a7 _bcbc _corignew _d1 _eocip _f19 _gy-gencatlg |
||
| 942 |
_2udc _cBK |
||
| 999 |
_c1222 _d1222 |
||